Largest Buddhist cities - Statistics

General Stats
  • This quiz has been taken 15 times
  • The average score is 9 of 10
Answer Stats
Hint Answer % Correct
Thailand Bangkok
100%
China Beijing
100%
South Korea Seoul
100%
Japan Tokyo
100%
Sri Lanka Colombo
93%
Vietnam Ho Chi Minh
93%
China Shanghai
86%
China Guangzhou
71%
Cambodia Phnom Penh
71%
Myanmar Yangon
71%
No matching quizzes found
Score Distribution
Percent of People with Each Score
Percentile by Number Answered
Your Score History
You have not taken this quiz